000 00997nam a22002537a 4500
005 20240530110613.0
008 161113s2014 ua ab g b 000 0 ara d
017 _a2014/11588
_bمصر. دار الكتب
020 _a9789776456242
040 _aEG-CaGPL
_cEG-CaGPL
082 0 4 _221
_a910.02\
_bح م
100 0 _aحسام الدين جاد الرب
245 1 2 _aالمدخل الى جغرافية العالم الجديد :
_bالارض - الناس - الحضارة : دراسة اقليمية /
_cحسام الدين جاد الرب
260 _bدار الجوهرة للنشر و التوزيع ،
_c2014 .
300 _a265 ص. :
_bايض ؛
_c24 سم.
504 _aيشتمل على ارجاعات ببليوجرافية
650 0 7 _2qrmak
_aالجغرافيا
650 0 7 _2qrmak
_aالكشوف الجغرافية
650 0 7 _2qrmak
_aالحضارة
650 0 7 _2qrmak
_aالارض
651 _2qrmak
942 _2ddc
_cBK
999 _c62905
_d62905